| 000 | 00337nam a2200121Ia 4500 | ||
|---|---|---|---|
| 008 | 230907s9999||||xx |||||||||||||| ||und|| | ||
| 082 |
_a612.015 _bHAR |
||
| 245 | 0 | _aHarper's illustrated biochemistry / | |
| 260 |
_aLange Medical Books/McGraw-Hill, _bNew York : _c2015 |
||
| 300 | _a817 p.: | ||
| 650 |
_aPeriodicals. _936981 |
||
| 942 | _cBK | ||
| 999 |
_c600994 _d600994 |
||